Central Library OPAC University of Rajshahi

রবীন্দ্রনাথ ছোটগল্পের সমাজতত্ত্ব / (Record no. 48112)

MARC details
000 -LEADER
fixed length control field 00899nam a2200229 a 4500
001 - CONTROL NUMBER
control field 48112
003 - CONTROL NUMBER IDENTIFIER
rucl marc code BD-RjUL
005 - DATE AND TIME OF LATEST TRANSACTION
control field 20211209054449.0
008 - FIXED-LENGTH DATA ELEMENTS--GENERAL INFORMATION
fixed length control field 160811s2011 bg ||||| |||| 00| f ben d
020 ## - INTERNATIONAL STANDARD BOOK NUMBER
International Standard Book Number 98483095118
Terms of availability : Tk. 150.00
035 ## - SYSTEM CONTROL NUMBER
System control number (BD-RjUL)48231
040 ## - CATALOGING SOURCE
Original cataloging agency BD-RjUL
Language of cataloging ben
Transcribing agency BD-RjUL
041 ## - LANGUAGE CODE
Language code of text/sound track or separate title ben
082 ## - DEWEY DECIMAL CLASSIFICATION NUMBER
Edition number 23
Classification number 891.44309
Author mark and year GUR 2011
100 ## - MAIN ENTRY--PERSONAL NAME
Personal name গুপ্ত, ক্ষেত্র
9 (RLIN) 145820
245 10 - TITLE STATEMENT
Title রবীন্দ্রনাথ ছোটগল্পের সমাজতত্ত্ব /
Statement of responsibility, etc. ক্ষেত্র গুপ্ত
260 ## - PUBLICATION, DISTRIBUTION, ETC. (IMPRINT)
Place of publication, distribution, etc. ঢাকা :
Name of publisher, distributor, etc. বিশ্বসাহিত্য,
Date of publication, distribution, etc. ২০১১
300 ## - PHYSICAL DESCRIPTION
Pagination ১০৯ পৃ. ;
Size ১৯ সেমি
650 ## - SUBJECT ADDED ENTRY--TOPICAL TERM
Topical term or geographic name as entry element বাংলা উপন্যাস
General subdivision ইতিহাস ও সমালোচনা
9 (RLIN) 120092
Topical term or geographic name as entry element Bengali Fiction
General subdivision History and Criticism
9 (RLIN) 118845
942 ## - ADDED ENTRY ELEMENTS (KOHA)
Source of classification or shelving scheme Dewey Decimal Classification
Koha item type Books
Holdings
Lost status Source of classification or shelving scheme Damaged status Not for loan Collection code Permanent Location Current Location Shelving location Date acquired Source of acquisition Cost, normal purchase price Total Checkouts Full call number Date last seen Copy number Koha item type Total Renewals Date checked out
  Dewey Decimal Classification     Fiction Central Library, University of Rajshahi Central Library, University of Rajshahi   31/07/2013 Biswa Sahity Kenda 150.00   B 891.44309 GUR 2011 11/08/2016 C-2 Books    
  Dewey Decimal Classification     Fiction Central Library, University of Rajshahi Central Library, University of Rajshahi   31/07/2013 Biswa Sahity Kenda 150.00 3 B 891.44309 GUR 2011 08/07/2019 C-3 Books 1 02/07/2019
  Dewey Decimal Classification     Fiction Central Library, University of Rajshahi Central Library, University of Rajshahi   31/07/2013 Biswa Sahity Kenda 150.00   B 891.44309 GUR 2011 11/08/2016 C-4 Books    
  Dewey Decimal Classification     Fiction Central Library, University of Rajshahi Central Library, University of Rajshahi   31/07/2013 Biswa Sahity Kenda 150.00   B 891.44309 GUR 2011 11/08/2016 C-5 Books    
  Dewey Decimal Classification     Fiction Central Library, University of Rajshahi Central Library, University of Rajshahi   31/07/2013 Biswa Sahity Kenda 150.00   B 891.44309 GUR 2011 11/08/2016 C-6 Books